| 000 | 00778cam a2200241 a 4500 | ||
|---|---|---|---|
| 001 | 13726021 | ||
| 005 | 20250319144532.0 | ||
| 008 | 040921s2006 maua b 001 0 eng | ||
| 020 | _a0618472533 (instructors annotated edition) | ||
| 020 | _a0618472525 (student text) | ||
| 050 | 0 | 0 |
_aHD30.3 _b.O26 2006 |
| 082 | 0 | 0 |
_a658.4/5 _222 |
| 100 | 1 |
_aOber, Scot, _d1946- |
|
| 245 | 1 | 0 |
_aContemporary business communication / _cScot Ober. |
| 250 | _a6th ed., instructor's annotated ed. | ||
| 260 |
_aBoston, MA : _bHoughton Mifflin Co., _cc2006. |
||
| 300 |
_axxii, 644 p. : _bcol. ill. ; _c26 cm. |
||
| 650 | 0 | _aCommunication in management. | |
| 650 | 0 | _aCommunication in organizations. | |
| 650 | 0 | _aBusiness communication. | |
| 650 | 0 | _aBusiness writing. | |
| 942 |
_2lcc _cBK _n0 |
||
| 999 |
_c4959 _d4959 |
||